000 00746nam a2200229 a 4500
001 BRCA_2819
005 20190320204001.0
008 091208s1952----nyua---###---#000-0#eng-#
050 4 _aND813.V4
_b.T73 1952
100 1 _aTrapier, Elizabeth du Gué
_97909
245 1 0 _aVelázquez
_bportraits in the collection
_cElizabeth Du Gué Trapier.
260 _aNew York
_bHispanic Society of America
_c1952
300 _a26 p.
_bil.
_c19 cm.
500 _aAA20
504 _aBibliografía: p. 24-26
600 1 4 _aVelázquez, Diego Rodríguez de Silva y
_d1599-1660
_92552
650 1 4 _aPintores españoles
_97620
650 1 4 _aGalerias y Museos
_zEstados Unidos
_97437
710 2 _aHispanic Society of America
_97910
902 _aGFM
942 _2lcc
_cB
999 _c2559
_d2559